Central Library OPAC University of Rajshahi

The integration of American society : (Record no. 34124)

MARC details
000 -LEADER
fixed length control field 01035nam a2200289 i 4500
001 - CONTROL NUMBER
control field 34124
003 - CONTROL NUMBER IDENTIFIER
rucl marc code BD-RjUL
005 - DATE AND TIME OF LATEST TRANSACTION
control field 20211209052117.0
008 - FIXED-LENGTH DATA ELEMENTS--GENERAL INFORMATION
fixed length control field 140514r19751941nyu b 001 0 eng
020 ## - INTERNATIONAL STANDARD BOOK NUMBER
International Standard Book Number 0846217511 :
035 ## - SYSTEM CONTROL NUMBER
System control number (BD-RjUL)34218
040 ## - CATALOGING SOURCE
Original cataloging agency DLC
Transcribing agency DLC
Modifying agency DLC
-- BD-RjUL
Language of cataloging eng
041 ## - LANGUAGE CODE
Language code of text/sound track or separate title eng
082 00 - DEWEY DECIMAL CLASSIFICATION NUMBER
Classification number 309.173
Author mark and year ANI 1975
100 1# - MAIN ENTRY--PERSONAL NAME
Personal name Angell, Robert Cooley,
Dates associated with a name 1899-
9 (RLIN) 103735
245 14 - TITLE STATEMENT
Title The integration of American society :
Remainder of title a study of groups and institutions /
Statement of responsibility, etc. by Robert Cooley Angell.
260 ## - PUBLICATION, DISTRIBUTION, ETC. (IMPRINT)
Place of publication, distribution, etc. New York :
Name of publisher, distributor, etc. Russell & Russell,
Date of publication, distribution, etc. 1975.
300 ## - PHYSICAL DESCRIPTION
Pagination ix, 228 p. ;
Size 23 cm.
500 ## - GENERAL NOTE
General note Reprint of the 1941 ed. published by McGraw-Hill, New York, in series: McGraw-Hill publications in sociology.
504 ## - BIBLIOGRAPHY, ETC. NOTE
Bibliography, etc Includes bibliographical references and index.
650 #0 - SUBJECT ADDED ENTRY--TOPICAL TERM
Topical term or geographic name as entry element Social institutions
Geographic subdivision United States.
9 (RLIN) 103736
Topical term or geographic name as entry element Social groups.
9 (RLIN) 103737
651 #0 - SUBJECT ADDED ENTRY--GEOGRAPHIC NAME
Geographic name United States
General subdivision Social conditions
Chronological subdivision 1918-1932.
9 (RLIN) 83221
942 ## - ADDED ENTRY ELEMENTS (KOHA)
Source of classification or shelving scheme Dewey Decimal Classification
Koha item type Books
Holdings
Lost status Source of classification or shelving scheme Damaged status Not for loan Collection code Permanent Location Current Location Shelving location Date acquired Source of acquisition Cost, normal purchase price Total Checkouts Full call number Date last seen Copy number Koha item type
  Dewey Decimal Classification   Not For Loan Non-fiction Central Library, University of Rajshahi Central Library, University of Rajshahi Reading Room 18/09/1985 Asia foundation 0.00   309.173 ANI 1975 14/05/2014 C-1 Books